[Event "London Classic Open 2017"]
[Site "London ENG"]
[Date "2017.12.08"]
[Round "8.95"]
[White "Misyura, Ilya"]
[Black "Hughes, Anthony"]
[Result "1-0"]
[BlackTitle "CM"]
[WhiteElo "1983"]
[BlackElo "1810"]
[WhiteFideId "434183"]
[BlackFideId "1803093"]
[EventDate "2017.12.02"]

1. d4 d5 2. c4 c6 3. Nc3 Nf6 4. e3 e6 5. Nf3 Be7 6. Qc2 O-O 7. b3 Nbd7 8. Bb2 b6
9. Bd3 Bb7 10. O-O Qc7 11. Rfd1 Bd6 12. Rac1 Rac8 13. h3 Rfd8 14. Qe2 Qb8 15.
Nd2 c5 16. cxd5 exd5 17. Nb5 Bh2+ 18. Kh1 a6 19. Na3 Bd6 20. dxc5 bxc5 21. Bb1
Re8 22. Qd3 Ne4 23. Nxe4 Rxe4 24. f3 Rh4 25. Qf5 Nf8 26. Qg5 Rxh3+ 27. gxh3 d4
28. Be4 Bxe4 29. fxe4 Qb7 30. Qd5 Qd7 31. Qf5 Qb7 32. Nc4 Bb8 33. exd4 g6 34.
Qd5 Qc7 35. Ne5 Rd8 36. Qxc5 Qb7 37. d5 Ba7 38. Qc7 Qb4 39. Qxf7+ Kh8 40. Nxg6# 1-0

[Event "London Classic Open 2017"]
[Site "London ENG"]
[Date "2017.12.08"]
[Round "8.96"]
[White "Frank, Tena"]
[Black "Jain, Gautam"]
[Result "0-1"]
[WhiteTitle "WFM"]
[WhiteElo "1944"]
[BlackElo "1804"]
[WhiteFideId "4624297"]
[BlackFideId "425311"]
[EventDate "2017.12.02"]

1. d4 f5 2. c4 e6 3. Nc3 Nf6 4. e3 d5 5. Bd3 c6 6. Nge2 Bd6 7. cxd5 exd5 8. Qc2
Ne4 9. O-O O-O 10. f3 Nxc3 11. bxc3 Qc7 12. g3 b5 13. a4 Bd7 14. axb5 cxb5 15.
Qb3 Qc6 16. Nf4 Bxf4 17. exf4 Na6 18. Re1 Nc7 19. Ba3 Rf7 20. Re5 Rc8 21. Bb4
Na6 22. Ba5 Nc7 23. Rae1 Kf8 24. R1e3 g6 25. Bf1 Be8 26. Qa3+ Kg7 27. Bxc7 Rfxc7
28. Re6 Qa8 29. Qd6 Bf7 30. Re7 Rxe7 31. Qxe7 Re8 32. Bxb5 Rxe7 33. Rxe7 Kf6 34.
Rd7 Qb8 35. Be2 a5 0-1

[Event "London Classic Open 2017"]
[Site "London ENG"]
[Date "2017.12.08"]
[Round "8.97"]
[White "Navrotescu, Andreea-Cristiana"]
[Black "Kim, Changhoon"]
[Result "1-0"]
[WhiteTitle "WIM"]
[BlackTitle "CM"]
[WhiteElo "2193"]
[BlackElo "1859"]
[WhiteFideId "675946"]
[BlackFideId "34117234"]
[EventDate "2017.12.02"]

1. c4 Nf6 2. Nc3 g6 3. d4 Bg7 4. e4 O-O 5. Be2 d6 6. Nf3 e5 7. Be3 c6 8. d5 c5
9. O-O Ng4 10. Bg5 f6 11. Bh4 g5 12. Bg3 Nh6 13. Ne1 f5 14. exf5 Bxf5 15. Bd3
Nd7 16. Nc2 Bxd3 17. Qxd3 Nf5 18. Ne3 Nxe3 19. Qxe3 Qe7 20. Ne4 h6 21. Rab1 Nf6
22. b4 Rac8 23. Nd2 Nh5 24. Rb3 cxb4 25. Rxb4 b6 26. a4 Qc7 27. Rb5 Nf4 28. h3
Rcd8 29. Rfb1 Rf7 30. Qe4 Nh5 31. R1b3 Rdf8 32. a5 Nxg3 33. fxg3 bxa5 34. Ra3 a6
35. Rbxa5 Qb6+ 36. Kh2 Rf1 37. Nxf1 Rxf1 38. c5 Qb2 39. Rxa6 Qf2 40. Ra8+ Bf8
41. Qg6+ Kh8 42. Qxh6+ Kg8 43. Qxg5+ Kh8 44. Qe3 1-0

[Event "London Classic Open 2017"]
[Site "London ENG"]
[Date "2017.12.08"]
[Round "8.98"]
[White "De Abreu, Roberto N"]
[Black "Fernandez Aransay, Fernando"]
[Result "1-0"]
[WhiteTitle "FM"]
[WhiteElo "2110"]
[BlackElo "1838"]
[WhiteFideId "14307472"]
[BlackFideId "2216280"]
[EventDate "2017.12.02"]

1. d4 d5 2. c4 e6 3. Nf3 Nf6 4. g3 Be7 5. Bg2 O-O 6. O-O b6 7. cxd5 exd5 8. Ne5
Bb7 9. Nc3 Nbd7 10. Qa4 Nxe5 11. dxe5 Ne4 12. Nxe4 dxe4 13. Bxe4 Bxe4 14. Qxe4
Qe8 15. Bf4 Bc5 16. Rac1 Qb5 17. b4 Qxb4 18. Qxb4 Bxb4 19. Rxc7 Bc5 20. Rd1 h6
21. Rdd7 1-0

[Event "London Classic Open 2017"]
[Site "London ENG"]
[Date "2017.12.08"]
[Round "8.99"]
[White "Nyenhuis, Yannek"]
[Black "Busse, Tom Niklas"]
[Result "0-1"]
[WhiteElo "1847"]
[BlackElo "1996"]
[WhiteFideId "16231538"]
[BlackFideId "12981605"]
[EventDate "2017.12.02"]

1. d4 d5 2. Bf4 Nf6 3. e3 c5 4. c3 Nc6 5. Nd2 e6 6. Ngf3 Bd6 7. Bg3 Bxg3 8. hxg3
Qd6 9. Bd3 h6 10. Qe2 e5 11. dxe5 Nxe5 12. Nxe5 Qxe5 13. Bb5+ Bd7 14. Bxd7+ Nxd7
15. O-O-O Qe6 16. Rhe1 O-O 17. Nb3 Rfe8 18. Qf3 c4 19. Nd4 Qg6 20. Qf5 Qxf5 21.
Nxf5 Nc5 22. Kc2 Rad8 23. Nd4 a5 24. Re2 a4 25. b3 axb3+ 26. axb3 Ra8 27. bxc4
dxc4 28. Rb1 Ra3 29. Rb4 Rea8 30. f3 Ra1 31. e4 R8a2+ 32. Rb2 Na4 33. Rxa2 Rxa2+
34. Kc1 Ra3 35. Rc2 Rxc3 36. Rxc3 Nxc3 37. Kb2 Nd1+ 38. Ka3 Kf8 39. Nf5 g6 40.
Nd6 Ne3 41. Kb4 Nxg2 42. Kxc4 Ne1 43. f4 b6 44. Nc8 b5+ 45. Kxb5 Nc2 46. Kc4
Ne3+ 47. Kd3 Nf1 48. g4 Nh2 49. g5 hxg5 50. fxg5 Nf3 51. Ke3 Nxg5 52. Nd6 Ke7
53. Nc4 f6 54. Kf4 Nf7 55. Ne3 Ke6 56. Ng4 Ne5 57. Nf2 Nd7 58. Nd3 Kd6 59. Ke3
Ne5 60. Nf2 Kc5 61. Nh3 g5 62. Nf2 Kc4 63. Nd1 Kb3 64. Kd4 Kc2 65. Ne3+ Kd2 66.
Nf5 Ke2 67. Kd5 Kf3 68. Nd4+ Ke3 69. Nf5+ Kf4 70. Ke6 Ng4 71. Nd6 Ne3 72. Kxf6
g4 73. e5 g3 0-1

[Event "London Classic Open 2017"]
[Site "London ENG"]
[Date "2017.12.08"]
[Round "8.100"]
[White "Selkirk, Rebecca"]
[Black "Skutta, Bernd"]
[Result "1/2-1/2"]
[WhiteElo "1747"]
[BlackElo "1988"]
[WhiteFideId "14306514"]
[BlackFideId "4666950"]
[EventDate "2017.12.02"]

1. e4 Nc6 2. d4 e5 3. d5 Nce7 4. c4 Ng6 5. Nf3 Nf6 6. Bd3 Bb4+ 7. Nc3 Bxc3+ 8.
bxc3 d6 9. h3 O-O 10. O-O Nh5 11. Kh2 Ngf4 12. Ng1 Nxd3 13. Qxd3 f5 14. Qe2 Nf6
15. exf5 Bxf5 16. Be3 b6 17. Bg5 Qe8 18. Bxf6 Rxf6 19. Nf3 h6 20. Nd2 Qg6 21.
Rg1 Bd3 22. Qe1 Raf8 23. f3 h5 24. Qe3 Qf5 25. g3 Bc2 26. Rae1 Qd3 27. h4 Qxe3
28. Rxe3 Kh7 29. Kg2 1/2-1/2

[Event "London Classic Open 2017"]
[Site "London ENG"]
[Date "2017.12.08"]
[Round "8.101"]
[White "Edwards, Simon R"]
[Black "Crismann, Alessandro Claudio"]
[Result "1-0"]
[BlackTitle "FM"]
[WhiteElo "1966"]
[BlackElo "1821"]
[WhiteFideId "406821"]
[BlackFideId "14302870"]
[EventDate "2017.12.02"]

1. e4 c5 2. Nf3 Nc6 3. d4 cxd4 4. Nxd4 g6 5. Nc3 Bg7 6. Be3 Nf6 7. Bc4 O-O 8.
Bb3 d6 9. f3 Bd7 10. h4 Na5 11. h5 Nxb3 12. Nxb3 Nxh5 13. Qd2 Bc6 14. Bh6 a5 15.
Rxh5 Qb6 16. Rh1 a4 17. Bxg7 Kxg7 18. Qd4+ Qxd4 19. Nxd4 a3 20. b3 Rfc8 21.
O-O-O Ra5 22. Nxc6 Rxc6 23. Rd5 Ra8 24. Nb5 Rac8 25. c4 Ra8 26. Rhd1 Rb6 27. Kb1
Kf6 28. g4 h6 29. Nc3 Raa6 30. Rh1 e6 31. Rdd1 Kg7 32. Rd2 Ra8 33. Nb5 Ra5 34.
Nxd6 Rc5 35. Nb5 Rc8 36. Nxa3 1-0

[Event "London Classic Open 2017"]
[Site "London ENG"]
[Date "2017.12.08"]
[Round "8.102"]
[White "Khalifa, Ramy"]
[Black "Siddharth, Gopakumar"]
[Result "0-1"]
[WhiteElo "1939"]
[BlackElo "1808"]
[WhiteFideId "10626840"]
[BlackFideId "5053463"]
[EventDate "2017.12.02"]

1. e4 c5 2. Nc3 Nc6 3. f4 g6 4. Nf3 Bg7 5. Bc4 e6 6. d3 Nge7 7. O-O O-O 8. Qe1
d5 9. Bb3 b5 10. Nxb5 Qb6 11. c4 a6 12. Nc3 dxc4 13. Bxc4 Na5 14. Qh4 Nxc4 15.
Qxe7 Nxb2 16. Ne5 c4+ 17. Kh1 Nxd3 18. Nxd3 Bxc3 19. Ba3 Qd8 20. Rac1 Bg7 21.
Ne5 Qxe7 22. Bxe7 Re8 23. Ba3 Bxe5 24. fxe5 Bd7 25. Rf3 Bb5 26. Bd6 Rec8 27.
Rfc3 Rc6 28. Kg1 f6 29. Kf2 fxe5 30. Bxe5 Rd8 31. h4 Rd2+ 32. Kf3 Rxa2 33. Rf1
Rd2 34. Rfc1 Rc8 35. g3 Rcd8 36. Kg4 Rf8 37. Bf4 Rd4 38. e5 h5+ 39. Kf3 Rf7 40.
Ke3 Rd5 41. Ke4 Kf8 42. R1c2 Rd1 43. Rf2 Ke8 44. Ke3 Rfd7 45. Rfc2 Kd8 46. Ke2
R1d3 0-1

[Event "London Classic Open 2017"]
[Site "London ENG"]
[Date "2017.12.08"]
[Round "8.103"]
[White "Sellmair, Reinhard"]
[Black "Neatherway, A Philip"]
[Result "1-0"]
[WhiteElo "1936"]
[BlackElo "1806"]
[WhiteFideId "12946990"]
[BlackFideId "418854"]
[EventDate "2017.12.02"]

1. e4 e6 2. d4 d5 3. Nc3 Nf6 4. e5 Nfd7 5. f4 c5 6. Nf3 Nc6 7. Be3 Be7 8. Qd2
O-O 9. dxc5 Nxc5 10. O-O-O a6 11. Qf2 Qa5 12. Kb1 Bd7 13. f5 Na4 14. Nxa4 Qxa4
15. f6 gxf6 16. Bh6 Kh8 17. Bxf8 Rxf8 18. exf6 Bxf6 19. Qd2 Rc8 20. c3 e5 21.
Bd3 e4 22. Bc2 Qc4 23. Bb3 Qc5 24. Ng5 e3 25. Qxd5 Bf5+ 26. Ka1 Qxd5 27. Rxd5
Bg4 28. Ne4 Bh4 29. Ng3 Re8 30. Re1 f5 31. Bd1 f4 32. Bxg4 fxg3 33. h3 h6 34.
Kb1 Bg5 35. Bd7 Rf8 36. Bxc6 bxc6 37. Rd4 Rf2 38. h4 Bf6 39. Rg4 Rxg2 40. Rxe3
Rh2 41. Rexg3 1-0

[Event "London Classic Open 2017"]
[Site "London ENG"]
[Date "2017.12.08"]
[Round "8.104"]
[White "Dias, Savin"]
[Black "Vachtfeidl, Petr"]
[Result "0-1"]
[WhiteElo "1723"]
[BlackElo "1934"]
[WhiteFideId "442399"]
[BlackFideId "315028"]
[EventDate "2017.12.02"]

1. e4 d5 2. exd5 Qxd5 3. Nc3 Qd6 4. d4 Nf6 5. Nf3 a6 6. h3 b5 7. a3 Bb7 8. Be3
e6 9. Be2 Nbd7 10. O-O Be7 11. Qd2 c5 12. Rad1 c4 13. a4 b4 14. Na2 Ne4 15. Qe1
Rc8 16. Nd2 Nxd2 17. Qxd2 a5 18. Bf4 Qb6 19. Qe3 Nf6 20. Qg3 O-O 21. Bf3 Bxf3
22. Qxf3 Rfd8 23. Be3 Qc6 24. Qxc6 Rxc6 25. b3 cxb3 26. cxb3 Rc2 27. Nc1 Nd5 28.
Rfe1 Bf6 29. Re2 Rdc8 30. Rxc2 Rxc2 31. Nd3 Nc3 32. Rd2 Rxd2 33. Bxd2 Ne2+ 34.
Kf1 Nxd4 35. Nc1 Kf8 36. g4 g6 37. Bh6+ Ke7 38. Ke1 Kd6 39. Kd2 Kd5 40. Bf4 e5
41. Be3 e4 42. Bf4 Be5 43. Be3 f5 44. gxf5 gxf5 45. Bh6 f4 46. Bf8 h5 47. Be7
Nf3+ 48. Ke2 Bb2 49. Na2 Nd4+ 50. Kd1 e3 51. fxe3 fxe3 52. Bd8 e2+ 53. Ke1 Bc3+
54. Nxc3+ bxc3 55. Bxa5 c2 56. Bd2 Ke4 57. a5 Kd3 58. a6 Nf3+ 59. Kf2 Kxd2 60.
a7 e1=Q+ 61. Kxf3 Qe3+ 62. Kg2 Qxa7 0-1

[Event "London Classic Open 2017"]
[Site "London ENG"]
[Date "2017.12.08"]
[Round "8.105"]
[White "Espinosa Cancino, Monica"]
[Black "Everett, Joe"]
[Result "0-1"]
[WhiteElo "1721"]
[BlackElo "1922"]
[WhiteFideId "22253025"]
[BlackFideId "443204"]
[EventDate "2017.12.02"]

1. d4 e6 2. Nf3 f5 3. g3 Nf6 4. Bg2 Be7 5. O-O O-O 6. c4 d6 7. Nc3 Ne4 8. Nd2
Nxc3 9. bxc3 e5 10. e4 f4 11. Nf3 Nc6 12. Qb3 Qe8 13. a4 Qh5 14. c5+ Kh8 15.
cxd6 cxd6 16. dxe5 dxe5 17. Ba3 Bxa3 18. Rxa3 Bg4 19. c4 g5 20. h4 gxh4 21. Nxh4
b6 22. Kh2 Nd4 23. Qc3 fxg3+ 24. fxg3 Rxf1 25. Bxf1 Nf3+ 26. Kg2 Nxh4+ 27. gxh4
Rg8 28. Kh2 Rf8 29. Qe1 Bf3 30. Bh3 Rf4 31. Qg3 Bxe4 32. Ra2 Rf3 33. Qg5 Qxg5
34. hxg5 Rc3 35. Be6 Rc2+ 36. Rxc2 Bxc2 37. Bd7 Kg7 38. Kg3 Kg6 39. Kh4 Bb3 40.
Bb5 a5 41. Kg4 Bd1+ 42. Kh4 Kf5 43. Bc6 Kf4 44. Kh3 Kxg5 45. Kg3 h5 46. Bd7 h4+
47. Kg2 Bb3 48. Bb5 Kf4 49. Kh3 Ke3 50. Kxh4 Kf2 51. Bc6 Bc2 52. Kg4 e4 53. Bxe4
Bxe4 0-1

[Event "London Classic Open 2017"]
[Site "London ENG"]
[Date "2017.12.08"]
[Round "8.106"]
[White "Mohnblatt, Daniel"]
[Black "Phillips, Owen S"]
[Result "1/2-1/2"]
[WhiteElo "1734"]
[BlackElo "1912"]
[WhiteFideId "648582"]
[BlackFideId "417882"]
[EventDate "2017.12.02"]

1. d4 g6 2. Nf3 Bg7 3. e3 d6 4. c4 Nd7 5. Be2 e5 6. Nc3 f5 7. h4 e4 8. Ng5 Nf8
9. g3 Nf6 10. Nh3 c6 11. Qb3 h6 12. Bd2 Ne6 13. O-O-O Qb6 14. Nf4 Nxf4 15. gxf4
h5 16. Qxb6 axb6 17. a3 Bd7 18. f3 exf3 19. Bxf3 O-O-O 20. Kb1 Bh6 21. Na4 Kc7
22. c5 d5 23. Nxb6 Ng4 24. Ba5 Kb8 25. Bxg4 hxg4 26. Be1 Be6 1/2-1/2

[Event "London Classic Open 2017"]
[Site "London ENG"]
[Date "2017.12.08"]
[Round "8.107"]
[White "Damianou, Ioannis"]
[Black "Levy, Christopher A"]
[Result "1-0"]
[WhiteElo "1907"]
[BlackElo "1526"]
[WhiteFideId "5902355"]
[BlackFideId "431320"]
[EventDate "2017.12.02"]

1. e4 e6 2. d4 d5 3. Nc3 dxe4 4. Nxe4 Bd7 5. c4 Bc6 6. Nc3 Nf6 7. Be3 Bb4 8. Nf3
Bxf3 9. Qxf3 c6 10. Qg3 Nbd7 11. Bd3 Nc5 12. Bc2 Nce4 13. Bxe4 Nxe4 14. Qxg7 Rf8
15. O-O Bxc3 16. bxc3 Qe7 17. f3 Nd6 18. Bh6 O-O-O 19. Bg5 Qe8 20. Bxd8 Qxd8 21.
d5 Rg8 22. Qd4 Qg5 23. Rf2 Nf5 24. Qxa7 Ne3 25. dxc6 bxc6 26. Rb1 Qe5 27. Qa8+ 1-0

[Event "London Classic Open 2017"]
[Site "London ENG"]
[Date "2017.12.08"]
[Round "8.108"]
[White "Foster, Timothy"]
[Black "Chatterjee, Sagnik"]
[Result "1-0"]
[WhiteElo "1893"]
[BlackElo "1336"]
[WhiteFideId "423769"]
[BlackFideId "64300455"]
[EventDate "2017.12.02"]

1. Nf3 Nf6 2. c4 c5 3. Nc3 e6 4. g3 Nc6 5. Bg2 d5 6. cxd5 exd5 7. d4 h6 8. O-O
Be6 9. b3 cxd4 10. Nxd4 Bc5 11. Nxc6 bxc6 12. Bb2 O-O 13. Qc2 Rc8 14. Na4 Bb6
15. Nc5 Qe7 16. Bd4 Nd7 17. Rac1 Rfe8 18. e3 Nxc5 19. Bxc5 Qf6 20. b4 Bf5 21.
Qc3 Qxc3 22. Rxc3 Be4 23. Rfc1 Bxg2 24. Kxg2 Re6 25. a4 Rb8 26. a5 Bxc5 27. Rxc5
Rxb4 28. Rxc6 Rb5 29. Rxe6 fxe6 30. Rc6 Rxa5 31. Rxe6 Kf7 32. Rc6 Ra4 33. Rd6
Ra5 34. h4 h5 35. Kf3 Ke7 36. Rg6 Kf7 37. Rg5 g6 38. Kg2 Rb5 39. g4 hxg4 40.
Rxg4 Kf6 41. Ra4 a5 42. Kg3 Ke5 43. Rg4 Rb6 44. f3 Rf6 45. Ra4 Ra6 46. Kg4 Kf6
47. f4 Re6 48. Rxa5 Rxe3 49. Rxd5 Re1 50. Rd6+ Kf7 51. Rd3 Rg1+ 52. Rg3 Rd1 53.
h5 gxh5+ 54. Kxh5 Rh1+ 55. Kg5 Rh8 56. Ra3 Rg8+ 57. Kf5 Rg1 58. Ra7+ Kg8 59. Kf6
Rf1 60. f5 Re1 61. Ra8+ Kh7 62. Kf7 Re5 63. f6 Re1 64. Ra2 Rh1 65. Re2 Kh8 66.
Rd2 Rh7+ 67. Kg6 Rh6+ 68. Kxh6 Kg8 69. Kg6 1-0

[Event "London Classic Open 2017"]
[Site "London ENG"]
[Date "2017.12.08"]
[Round "8.109"]
[White "Mulay, Partha"]
[Black "Perez Bolanos, David"]
[Result "1/2-1/2"]
[WhiteElo "1892"]
[BlackElo "1496"]
[WhiteFideId "436038"]
[BlackFideId "24564400"]
[EventDate "2017.12.02"]

1. e4 d6 2. d4 g6 3. Nc3 Bg7 4. Nf3 Nf6 5. Bc4 O-O 6. O-O Nbd7 7. h3 h6 8. e5
Ne8 9. e6 fxe6 10. Bxe6+ Kh7 11. Re1 c5 12. Nd5 Nc7 13. Nf4 cxd4 14. Nxd4 Rf6
15. Bb3 Nc5 16. Nf3 Nxb3 17. axb3 e5 18. Nxe5 Qf8 19. Nexg6 Rxg6 20. Nxg6 Kxg6
21. Qd3+ Bf5 22. Qg3+ Kh7 23. Bf4 Ne8 24. c3 a6 25. Re2 Rd8 26. Qe3 Nf6 27. Qc1
Qf7 28. Ra5 Bg6 29. b4 Rd7 30. Be3 Nd5 31. Qd2 Nxe3 32. Qxe3 Be5 33. g3 Re7 34.
Qd2 Qf5 35. Kh2 Qh5 36. f4 Bf5 37. fxe5 Qxh3+ 38. Kg1 Bg4 39. Qd3+ Bf5 40. Qf3
Bg4 41. Qe4+ Bf5 42. Qf4 Bd3 43. Rf2 Rg7 44. Rg2 Rg4 45. Qf7+ Kh8 46. Qf8+ Kh7
47. Qe7+ Kh8 48. Qf6+ Kh7 49. Qf7+ Kh8 50. Rd5 Be4 51. Rdd2 Bxg2 52. Qf6+ Kh7
53. Qe7+ Kh8 54. Qf8+ Kh7 1/2-1/2

[Event "London Classic Open 2017"]
[Site "London ENG"]
[Date "2017.12.08"]
[Round "8.110"]
[White "Lee, Kyung Chan"]
[Black "Rushbrooke, Remy"]
[Result "1-0"]
[WhiteElo "1552"]
[BlackElo "1864"]
[WhiteFideId "13205048"]
[BlackFideId "443590"]
[EventDate "2017.12.02"]

1. e4 d6 2. d4 g6 3. Nf3 Bg7 4. Bd3 Nc6 5. c3 Nf6 6. O-O e5 7. Re1 O-O 8. Bb5
exd4 9. cxd4 h6 10. Nc3 Nd7 11. Be3 Ne7 12. Qd2 Kh7 13. Rad1 a6 14. Ba4 b5 15.
Bc2 Nb6 16. b3 Bg4 17. Qe2 Qc8 18. h3 Bxf3 19. Qxf3 c5 20. Ne2 c4 21. Bf4 Qd7
22. Ng3 Nc6 23. e5 Nb4 24. Bb1 N6d5 25. Bd2 Rac8 26. Ne4 c3 27. Nxc3 Qe6 28.
Nxd5 Nxd5 29. Be4 Ne7 30. exd6 Qxd6 31. Bf4 Qb6 32. Qd3 Rcd8 33. d5 Qf6 34. Bc7
Rd7 35. d6 Rc8 36. Qf3 Qg5 37. Bb7 Rcxc7 38. dxc7 Rxc7 39. Bxa6 Nf5 40. Qg4 Qf6
41. Bxb5 Qb6 42. Bc4 Ra7 43. a4 Nd4 44. Qe4 Ra5 1-0

[Event "London Classic Open 2017"]
[Site "London ENG"]
[Date "2017.12.08"]
[Round "8.112"]
[White "Dror, Levi"]
[Black "Campos Chacon, Marco"]
[Result "0-1"]
[WhiteElo "1677"]
[BlackElo "2040"]
[WhiteFideId "2809583"]
[BlackFideId "32029217"]
[EventDate "2017.12.02"]

1. e4 e5 2. Nf3 Nc6 3. Bb5 f5 4. Bxc6 dxc6 5. Qe2 fxe4 6. Qxe4 Bd6 7. d3 Nf6 8.
Qh4 O-O 9. Bg5 Qe8 10. Nbd2 Qg6 11. O-O-O h6 12. Be3 Be6 13. Kb1 Bd5 14. Rhg1 e4
15. dxe4 Nxe4 16. Nxe4 Bxe4 17. Ne1 Rae8 18. Ka1 Re5 19. f3 Bd5 20. Qd4 Bf7 21.
Qc3 Qe6 0-1

[Event "London Classic Open 2017"]
[Site "London ENG"]
[Date "2017.12.08"]
[Round "8.113"]
[White "Shepherd, Katherine M"]
[Black "Lovell, William Pm"]
[Result "0-1"]
[WhiteElo "1929"]
[BlackElo "1688"]
[WhiteFideId "412031"]
[BlackFideId "431060"]
[EventDate "2017.12.02"]

1. d4 d5 2. Nf3 Nf6 3. c4 dxc4 4. e3 e6 5. Bxc4 a6 6. O-O b5 7. Bd3 Bb7 8. Qe2
Nbd7 9. Rd1 c5 10. dxc5 Bxc5 11. a3 O-O 12. Nbd2 Qe7 13. Nb3 Bb6 14. Bd2 Nc5 15.
Bb4 Nfd7 16. Rac1 Bd5 17. Nxc5 Bxc5 18. Bxc5 Nxc5 19. Bxh7+ Kxh7 20. Qc2+ Ne4
21. Nd2 f5 22. f3 Nxd2 23. Qxd2 Rfc8 24. e4 fxe4 25. fxe4 Bxe4 26. Qe3 Bf5 27.
h3 Bg6 28. Re1 Bf7 29. Kh1 Kg8 30. Rcd1 Qf6 31. Rf1 Qe7 32. Rf2 Rf8 33. Re1 Rad8
34. Rf3 Rd6 35. Qe5 Be8 36. Rg3 Bc6 37. Rc1 Rd5 38. Qe3 Be8 39. Rc2 Rd1+ 40. Kh2
Rff1 41. Rg5 Qd6+ 42. Qe5 Qxe5+ 43. Rxe5 Rd6 44. Kg3 Bd7 45. Rc7 Kf7 46. Ra7 Kf6
47. Rc5 Rd3+ 48. Kh2 Rd6 49. Rcc7 Ke7 50. Ra8 Rf2 51. Rg8 Kf7 52. Rd8 Rfd2 53.
Ra7 e5 54. Kg3 R6d3+ 55. Kh4 Rd6 56. Kg3 Kg6 57. Kh4 e4 58. g4 e3 59. Kg3 e2 60.
Kf2 Rf6+ 61. Ke1 Rf1+ 62. Kxd2 e1=Q+ 63. Kd3 Rf3+ 64. Kc2 Qe2+ 65. Kb1 Rf1+ 66.
Ka2 Qc4+ 67. b3 Qc2# 0-1

[Event "London Classic Open 2017"]
[Site "London ENG"]
[Date "2017.12.08"]
[Round "8.114"]
[White "Sheedy, Shane"]
[Black "Tombolis, Christopher"]
[Result "0-1"]
[WhiteElo "1620"]
[BlackElo "1799"]
[WhiteFideId "2507536"]
[BlackFideId "433691"]
[EventDate "2017.12.02"]

1. e4 c5 2. Nf3 Nc6 3. d4 cxd4 4. Nxd4 Nf6 5. Nc3 g6 6. Be3 Bg7 7. Bc4 O-O 8.
Bb3 d6 9. f3 Bd7 10. O-O a6 11. Qd2 Rc8 12. Rad1 Ne5 13. Nd5 Nxd5 14. exd5 b5
15. c3 Nc4 16. Bxc4 bxc4 17. Bh6 Rc5 18. Bxg7 Kxg7 19. Qe2 Re8 20. Rfe1 Qc7 21.
Qe4 Qb7 22. b4 cxb3 23. Nxb3 Rc7 24. Nd4 Qb2 25. c4 Qxa2 26. Re2 Qxc4 27. Rde1
Rc5 28. Qf4 Qxd5 29. Rxe7 Rxe7 30. Rxe7 Rc4 31. Re4 Qc5 32. Kf1 Rc1+ 33. Kf2 Bf5
34. Re2 Rd1 35. Rd2 Rxd2+ 36. Qxd2 a5 37. Ke2 a4 38. Qb2 Qe5+ 39. Kd2 Bd7 40. g3
a3 41. Qc3 a2 42. f4 Qd5 43. Ke2 Qg2+ 44. Ke3 Qg1+ 0-1

[Event "London Classic Open 2017"]
[Site "London ENG"]
[Date "2017.12.08"]
[Round "8.115"]
[White "Chilton, James I"]
[Black "Haynes, Noah"]
[Result "1-0"]
[WhiteElo "1772"]
[BlackElo "1535"]
[WhiteFideId "423009"]
[BlackFideId "1543172"]
[EventDate "2017.12.02"]

1. e4 c5 2. Nf3 d6 3. d4 cxd4 4. Nxd4 Nf6 5. Nc3 g6 6. Be3 Bg7 7. f3 O-O 8. Qd2
Nc6 9. O-O-O d5 10. exd5 Nxd5 11. Nxc6 bxc6 12. Bd4 e5 13. Bc5 Be6 14. Bxf8 Qxf8
15. Nxd5 Bxd5 16. Qa5 Rb8 17. Be2 e4 18. c3 Qd6 19. g3 Qe5 20. f4 Qe7 21. Rhe1
Qb7 22. Rd2 e3 23. Rc2 Be4 24. Ba6 Qd7 25. Rd1 Qe7 26. Re2 Bf3 27. Qa4 Qc5 28.
Qc2 Bxe2 29. Bxe2 a5 30. Rd3 Re8 31. Qd1 Qb6 32. Rd6 Rb8 33. Qb3 Qc7 34. Rxc6
Qxc6 35. Qxb8+ Bf8 36. Qe5 Bc5 37. Kc2 f6 38. Bc4+ Kg7 39. Qd5 Qxd5 40. Bxd5 Kf8
41. Kd3 Ke7 42. a3 Kd6 43. Bg8 h6 44. b4 axb4 45. axb4 Ba7 46. h4 g5 47. fxg5
fxg5 48. hxg5 hxg5 49. c4 Kc6 50. Bd5+ Kd7 51. Bf3 1-0

[Event "London Classic Open 2017"]
[Site "London ENG"]
[Date "2017.12.08"]
[Round "8.116"]
[White "De Paolis, Fabrizio"]
[Black "Parry, Jacques"]
[Result "1-0"]
[WhiteElo "1763"]
[BlackElo "1596"]
[WhiteFideId "822027"]
[BlackFideId "425923"]
[EventDate "2017.12.02"]

1. d4 Nf6 2. c4 c5 3. d5 g6 4. Nc3 Bg7 5. Nf3 d6 6. h3 O-O 7. e4 e6 8. Bd3 Na6
9. a3 Nc7 10. O-O exd5 11. exd5 b5 12. cxb5 Ncxd5 13. Nxd5 Nxd5 14. Be4 Nb6 15.
Bxa8 Nxa8 16. Re1 a6 17. bxa6 Bxa6 18. Bg5 Qb6 19. Be7 Re8 20. Qxd6 Rc8 21. Qxb6
Nxb6 22. Rab1 c4 23. Bd6 Nd7 24. Bb4 Nc5 25. Bc3 Nd3 26. Re7 Bf8 27. Re2 Rb8 28.
Nd4 Bxa3 29. Nc6 Rb7 30. Re8+ Bf8 31. Ra1 Nc5 32. Bb4 Kg7 33. Rxf8 Rxb4 34. Nxb4 1-0

[Event "London Classic Open 2017"]
[Site "London ENG"]
[Date "2017.12.08"]
[Round "8.117"]
[White "Thatte, Nishchal"]
[Black "Mc Aleenan, Charles"]
[Result "1/2-1/2"]
[WhiteElo "1617"]
[BlackElo "1762"]
[WhiteFideId "447234"]
[BlackFideId "2461617"]
[EventDate "2017.12.02"]

1. e4 d5 2. exd5 Qxd5 3. Nf3 Bg4 4. Be2 Nc6 5. O-O O-O-O 6. h3 Bh5 7. Nc3 Qd7 8.
b4 Bxf3 9. Bxf3 Nf6 10. b5 Nd4 11. d3 e6 12. Rb1 h6 13. a4 Nxf3+ 14. Qxf3 Nd5
15. Na2 Nf6 16. Nc3 Nd5 17. Na2 Nf6 18. Nc3 1/2-1/2

[Event "London Classic Open 2017"]
[Site "London ENG"]
[Date "2017.12.08"]
[Round "8.118"]
[White "Haddock, Paul"]
[Black "Dunn, Maxim"]
[Result "1/2-1/2"]
[WhiteElo "1576"]
[BlackElo "1757"]
[WhiteFideId "419150"]
[BlackFideId "456551"]
[EventDate "2017.12.02"]

1. e4 c5 2. d4 cxd4 3. c3 Nf6 4. e5 Nd5 5. cxd4 e6 6. Bc4 Nb6 7. Bb3 Nc6 8. Nf3
d6 9. Qe2 Be7 10. O-O O-O 11. Nc3 Re8 12. Bf4 dxe5 13. dxe5 Nd4 14. Nxd4 Qxd4
15. Bg3 Qb4 16. Rfd1 Bd7 17. Ne4 Bb5 18. Qe3 Red8 19. a3 Qa5 20. Nd6 Bxd6 21.
Rxd6 Rxd6 22. exd6 Bc6 23. Rd1 Nd5 1/2-1/2